| 000 | 00836nam a2200241 i 4500 | ||
|---|---|---|---|
| 001 | bg | ||
| 245 | 0 | 2 |
_aL'apprentissage des langues en Europe : _ble défi de la diversité : Conférence finale du Projet no 12: Langues vivantes, Strasbourg, 22-25 mars 1988 : rapport / _cConseil de l'Europe. Conseil de la coopération culturelle. |
| 260 |
_aStrasbourg : _bEd. du Conseil de l'Europe, _c1991. |
||
| 300 |
_a187 s. ; _c30 cm. |
||
| 490 | 1 | _aLangues vivantes | |
| 650 | 9 |
_aJęzyki żywe _xnauczanie |
|
| 655 | 9 | _aMateriały konferencyjne | |
| 710 | 2 |
_aRada Europy. _bConseil de la coopération culturelle. |
|
| 830 | 0 | _aLangues vivantes | |
| 020 | _a9287116954 | ||
| 040 | _cBPK | ||
| 041 | 0 | _afre | |
| 044 | _aFRA | ||
| 080 | _a81-23 | ||
| 920 | _a92-871-1695-4 | ||
| 942 | _cKS | ||
| 008 | 130116s pl a f |000 0 pol | ||
| 999 |
_c53892 _d53892 |
||